000 00536nam a2200193Ia 4500
003 OSt
005 20221007083208.0
006 a|||||r|||| 00| 0
007 ta
008 221006b |||||||| |||| 00| 0 eng d
024 _a22,687
037 _cDissertations
040 _aFLL
_cFLL
_beng
041 _2eng
_aeng
100 _aBatra Tarlok Singh
_9700247
245 0 _aPeace keeping role of the United Nations (security council) - some legal aspects
942 _cDIS
_2CC
999 _c1169184
_d1169184